E’veil a L’orthgrophe

Gardado en:
Detalles Bibliográficos
Formato: Libro
Các nhãn: Engadir etiqueta
Sen Etiquetas, Sexa o primeiro en etiquetar este rexistro!
Thư viện lưu trữ: Mạng thư viện Đại học Đà Nẵng
LEADER 00398nam a22001691a 4500
001 000036533
003 12828
005 20160408151551.0
008 160408s0 000
082 |a 4P(07) 287 
245 |a E’veil a L’orthgrophe 
OWN |a LNN 
999 |a From the UDN01 
TYP |a Monograph 
980 |a Mạng thư viện Đại học Đà Nẵng